000 00602nam a2200181 i 4500
001 128901
003 ES-MaACL
005 20230906193405.0
007 t|
008 070530s1914 sp ||||1| spa d
100 1 _aTaylor, Frederick Winslow.
_9109445
245 1 3 _aLa dirección de los talleres
_b: estudio sobre la organización del trabajo /
_cFrederick Winslow Taylor ; traducción de E. Lozano.
260 _aBarcelona :
_bFeliu y Susanna,
_c1914.
300 _a251 p. ;
_c21 cm.
650 0 4 _aGestión de la producción.
_913114
700 1 _aLozano, E.
_974414
852 _aES-MaACL
_jG-6300
999 _c128901
_d128901